Wisdom Values And Landscape Architecture (Record no. 18794)

MARC details
000 -LEADER
fixed length control field 00337nam a2200121Ia 4500
008 - FIXED-LENGTH DATA ELEMENTS--GENERAL INFORMATION
fixed length control field 220803s9999 xx 000 0 und d
041 ## - LANGUAGE CODE
Language code of text/sound track or separate title eng
082 ## - DEWEY DECIMAL CLASSIFICATION NUMBER
Classification number 712.36 DHA
100 ## - MAIN ENTRY--PERSONAL NAME
Personal name Dharap J Ed.; Sahasrabudhe S Ed & Sharma R Ed.
9 (RLIN) 29956
245 ## - TITLE STATEMENT
Title Wisdom Values And Landscape Architecture
260 ## - PUBLICATION, DISTRIBUTION, ETC. (IMPRINT)
Place of publication, distribution, etc. Pune
Name of publisher, distributor, etc. Isola
Date of publication, distribution, etc. 2015
300 ## - PHYSICAL DESCRIPTION
Extent 168p
Holdings
Withdrawn status Lost status Damaged status Not for loan Home library Current library Date acquired Vendor Cost, normal purchase price Total Checkouts Full call number Barcode Date last seen Bill Date Koha item type Original Barcode
        Dr. Bhanuben Nanavati College of Architecture Dr. Bhanuben Nanavati College of Architecture 27/01/2017 ISI Snagam 800.00   712.36 DHA BNCA-DB-1518 03/08/2022 03/08/2022 Donated Book DB001518
        Dr. Bhanuben Nanavati College of Architecture Dr. Bhanuben Nanavati College of Architecture 27/01/2017 ISI Snagam 800.00   712.36 DHA BNCA-DB-1519 03/08/2022 03/08/2022 Donated Book DB001519